| 000 | 00595nam a22002057a 4500 | ||
|---|---|---|---|
| 003 | OSt | ||
| 005 | 20231026084008.0 | ||
| 008 | 160722b xxu||||| |||| 00| 0 eng d | ||
| 020 | _a9781853157363 | ||
| 040 | _c040a | ||
| 082 | _aWB100 B451c 2002 | ||
| 100 |
_aRushforth, Bruno; Wass, Val _910418 |
||
| 245 |
_aGet Through MRCGP : _bclinical assessment skills |
||
| 260 |
_aLondon; _bThe Royal society of medicine press, _c2002 |
||
| 300 |
_axvi, 255p; _bill : _c14 cm. |
||
| 504 | _aIncludes index | ||
| 650 |
_aClinical skills _94823 |
||
| 650 |
_aMCQs medicine _99120 |
||
| 942 |
_2ddc _cO_SHELF |
||
| 999 |
_c4854 _d4854 |
||